Анна Ахматова: pro et contra (Запись № 9710377)
[ простой вид ]
| 000 -МАРКЕР | |
|---|---|
| контрольное поле | 01701nam1a2200349 i 4500 |
| 001 - ИДЕНТИФИКАТОР ЗАПИСИ | |
| контрольное поле | RU\NLR\BIBL_A\010697592 |
| 005 - ИДЕНТИФИКАТОР ВЕРСИИ | |
| контрольное поле | 20260412063558.0 |
| 010 ## - МЕЖДУНАРОДНЫЙ СТАНДАРТНЫЙ НОМЕР КНИГИ (ISBN) | |
| Номер (ISBN) | 9785888126448 |
| 035 ## - ДРУГИЕ СИСТЕМНЫЕ НОМЕРА | |
| Идентификатор записи | (NLR Aleph) 010697592 |
| 100 ## - ДАННЫЕ ОБЩЕЙ ОБРАБОТКИ | |
| Данные общей обработки | 20080710g20149999u y0rusy50 ca |
| 101 0# - ЯЗЫК РЕСУРСА | |
| Язык текста, звукозаписи и т.д. | русский |
| 102 ## - СТРАНА ПУБЛИКАЦИИ ИЛИ ПРОИЗВОДСТВА | |
| Страна публикации | Российская Федерация |
| 105 ## - ПОЛЕ КОДИРОВАННЫХ ДАННЫХ: ТЕКСТОВЫЕ МАТЕРИАЛЫ, МОНОГРАФИЧЕСКИЕ | |
| Кодированные данные о монографическом текстовом документе | ||||j|||||||| |
| 200 1# - ЗАГЛАВИЕ И СВЕДЕНИЯ ОБ ОТВЕТСТВЕННОСТИ | |
| Основное заглавие | Анна Ахматова: pro et contra |
| Сведения, относящиеся к заглавию | антология |
| Первые сведения об ответственности | Рус. христ. гуманит. акад. |
| Последующие сведения об ответственности | [сост., вступ. ст., коммент. С. А. Коваленко] |
| 205 ## - СВЕДЕНИЯ ОБ ИЗДАНИИ | |
| Сведения об издании | [2-е изд.] |
| 210 ## - ПУБЛИКАЦИЯ, РАСПРОСТРАНЕНИЕ И ДР. | |
| Место издания, распространения и т.д. | Санкт-Петербург |
| Имя издателя, распространителя и т. д. | Изд-во Русской христианской гуманитарной академии |
| Дата издания, распространения и т.д. | 2014 |
| 215 ## - ФИЗИЧЕСКАЯ ХАРАКТЕРИСТИКА | |
| Размеры | 22 |
| 225 1# - СЕРИЯ | |
| Основное заглавие серии | Серия "Русский путь" |
| Сведения об ответственности | редкол.: Д. К. Богатырев (пред.) [и др.] |
| 225 1# - СЕРИЯ | |
| Основное заглавие серии | Серия "Русский путь: pro et contra |
| 300 ## - ОБЩИЕ ПРИМЕЧАНИЯ | |
| Текст примечания | Загл. обл.: А. Ахматова: pro et contra |
| 512 1# - ЗАГЛАВИЕ ОБЛОЖКИ | |
| Заглавие обложки | А. Ахматова: pro et contra |
| 600 #1 - ИМЯ ЛИЦА КАК ПРЕДМЕТ | |
| Начальный элемент ввода | Ахматова |
| Часть имени, кроме начального элемента ввода | А.А. |
| Даты | 1889 - 1966 |
| Расширение инициалов личного имени | Анна Андреевна |
| Формальный подзаголовок | Сборники |
| Системный номер авторитетной/нормативной записи | 1065749 |
| Идентификатор авторитетной/нормативной записи | RU\NLR\AUTH\6695818 |
| 686 1# - ИНДЕКСЫ ДРУГИХ КЛАССИФИКАЦИЙ | |
| Индекс | Ш5(2=Р)7-4Ахматова |
| 702 #1 - ИМЯ ЛИЦА - ВТОРИЧНАЯ ОТВЕТСТВЕННОСТЬ | |
| Код отношения | Прочие |
| Материалы, к которым относится поле | rus |
| Графика поля | Кириллица |
| Начальный элемент ввода | Ахматова |
| Часть имени, кроме начального элемента ввода | А. А. |
| Даты | 1889-1966 |
| Расширение инициалов личного имени | Анна Андреевна |
| Идентификатор авторитетной/нормативной записи | RU\NLR\AUTH\77506 |
| Системный номер авторитетной/нормативной записи | 110555 |
| 702 #1 - ИМЯ ЛИЦА - ВТОРИЧНАЯ ОТВЕТСТВЕННОСТЬ | |
| Начальный элемент ввода | Коваленко |
| Часть имени, кроме начального элемента ввода | С. А. |
| Расширение инициалов личного имени | Светлана Алексеевна |
| Код отношения | Составитель |
| 712 02 - НАИМЕНОВАНИЕ ОРГАНИЗАЦИИ - ВТОРИЧНАЯ ОТВЕТСТВЕННОСТЬ | |
| Код отношения | Прочие |
| Начальный элемент ввода | Русская Христианская гуманитарная академия |
| Идентифицирующий признак | Санкт-Петербург |
| Идентификатор авторитетной/нормативной записи | RU\NLR\AUTH\8810071534 |
| Системный номер авторитетной/нормативной записи | 645022 |
| 852 ## - МЕСТОНАХОЖДЕНИЕ И ШИФР ХРАНЕНИЯ | |
| Идентификатор организации | NLR |
| Шифр хранения (Call Number) | 2015-5/1634 |
| 942 ## - ДОПОЛНИТЕЛЬНЫЕ ЭЛЕМЕНТЫ ЗАПИСИ (АБИС) | |
| Тип экземпляра АБИС | Книга |
| 980 ## - КОЛЛЕКЦИЯ | |
| Название коллекции | НБР |
Нет доступных экземпляров.